[Event "ISR-ch sf"]
[Site "Ramat Aviv"]
[Date "2000.08.20"]
[Round "4"]
[White "Finkel, Alexander"]
[Black "Kaspi, Alexander"]
[Result "0-1"]
[WhiteElo "2467"]
[BlackElo "2488"]
[Annotator "Finkel,A"]
[PlyCount "100"]
[EventDate "2000.08.16"]
[EventType "swiss"]
[EventRounds "9"]
[EventCountry "ISR"]
[SourceTitle "CBM 078"]
[Source "ChessBase"]
[SourceDate "2000.10.18"]
[SourceVersion "1"]
[SourceVersionDate "2000.10.18"]
[SourceQuality "1"]

1. e4 c5 2. c3 d5 3. exd5 Qxd5 4. d4 Nf6 5. Nf3 Bg4 6. Be2 e6 7. h3 Bh5 8. Be3
cxd4 9. cxd4 Nc6 10. Nc3 Bb4 11. O-O Qd6 {Following the Kasparov.} 12. a3 (12.
Ne5 $6 Bxe2 13. Nxe2 O-O 14. Nxc6 Qxc6 15. Qb3 Ba5 16. Rac1 Qd7 $15 {Catalan
Escale,E-Gomez Esteban,J/Terrassa op 1996}) (12. Qb3 $5) 12... Ba5 13. g4 {
After about 45 minutes of thinking I decided to opt for this move,because
didn't manage to find any advantage after 13.Nb5.It's hard to say wether this
move good or bad,but it definitly doesn't lead to any opening advantage!} (13.
Nb5 Qd5 (13... Qe7 14. Ne5 Bxe2 15. Qxe2 O-O 16. Rac1 Rac8 17. Bg5 Bb6 18. Bxf6
gxf6 19. Nc4 $1 $14 {Comp Deep Blue-Kasparov,G/Philadelphia m 1996}) 14. Qa4 a6
15. Nc3 Bxc3 16. bxc3 b5 17. Qc2 Na5 $132 {Jahn,C-Paehtz,E/BLW-9798}) (13. b4
Bb6 14. Nb5 (14. Qb3 O-O 15. Rfd1 Ne7 16. Bg5 Ned5 17. Nb5 Qb8 18. a4 a6 19.
Na3 Nf4 $15 {Lehtivaara,R-Kyrola,J/FIN-chT 9697}) 14... Qb8 15. d5 $6 Nxd5 16.
Bxb6 axb6 17. Rc1 O-O 18. g3 Rd8 $17 {Comp Drei Hirn-Polgar,S/The Hague AEGON
1996}) (13. Qb3 O-O 14. Rfd1 Nd5 15. Rac1 Bb6 16. Ne4 Qe7 17. Nc5 h6 18. Na4
Rfd8 $132 {Poloch,P-Tomescu,V/Ceske Budejovice op 1997}) 13... Bg6 14. Ne5 $5
O-O (14... Bxc3 15. Nc4 (15. bxc3 $6 Nxe5 16. dxe5 Qxe5 (16... Qxd1 17. Rfxd1
Nd5 18. Bb5+ Kf8 19. Bc5+ Kg8 20. c4 Nc3 21. Rd7 a6 $11) 17. Qa4+ Kf8 18. Qb4+
Kg8 19. Qxb7 Be4 20. Bd4 Qf4 21. Qa6 h5 $36) 15... Qd7 16. bxc3 O-O 17. Rc1 Nd5
$132) 15. Nc4 ({May be better was} 15. b4 $5 Bb6 16. Nc4 Qd7 17. Nxb6 axb6 18.
Re1 Nd5 $13 {,but black is doing just fine also in this case.}) 15... Qd7 16.
b4 (16. Nxa5 Nxa5 17. Rc1 Rac8 (17... Nd5 18. Nxd5 exd5 19. b4 Nc6 20. b5 Ne7
21. Bf4 $14) 18. Qa4 Qxa4 19. Nxa4 Nd5 $15) 16... Bc7 17. b5 (17. f4 $6 Nd5 18.
Nxd5 Qxd5 19. Rc1 Rad8 20. Ne5 Qe4 $15) 17... Ne7 18. Ne5 Qd8 (18... Qd6 $5 19.
Bf4 Ned5 20. Nxd5 Nxd5 21. Bg3 Qe7 $15) 19. Qb3 $1 {Understanding thats it's
just the right time to think about equality.} (19. Bg5 Bb6 $1 {[%csl Rd4]})
19... Nfd5 20. Nxd5 Nxd5 21. Bf3 f6 $5 (21... Qd6 22. Bxd5 Qxd5 23. Qxd5 exd5
24. Rac1 Rac8 25. Rc5 Bxe5 26. dxe5 Rxc5 27. Bxc5 Rc8 $11) 22. Nxg6 hxg6 ({
May be better was} 22... Qd6 $5 23. Rfc1 hxg6 24. Kf1 Rac8 $11 {,but the
position remains balanced in any case.}) 23. Kg2 Qd6 24. Rh1 $1 {[%cal Gh3h5]}
f5 $6 (24... Nxe3+ $5 25. Qxe3 Bb6 26. Rad1 Rad8 $11) 25. Rae1 Rad8 26. h4 $5 {
[%csl Re6][%cal Gh4h5]} Rd7 27. h5 gxh5 (27... fxg4 $5 28. Bxg4 Rdf7 $1 {
[%csl Rf2]} 29. Ref1 $6 (29. hxg6 $1 Rf6 $1 (29... Nxe3+ 30. Qxe3 Rxf2+ 31. Kg1
$18 {[%csl Re6,Rg8]}) 30. Qc2 (30. Rh3 Rxg6 31. Rg3 Nxe3+ 32. Rexe3 Rxg4 $1 $19
) (30. Rh4 Rxg6 31. Reh1 Nxe3+ 32. Qxe3 Rf4 $17) 30... Nxe3+ 31. Rxe3 Rxf2+ 32.
Qxf2 Rxf2+ 33. Kxf2 Qf4+ 34. Bf3 Qxd4 35. Rd1 $36) 29... gxh5 30. Bxh5 Nxe3+
31. Qxe3 Rf4 $17) 28. Rxh5 Nf6 $2 {This blunder proves to be winning
combintion!} (28... g6 $14) 29. Rxf5 $16 Rdf7 30. Re5 $4 $138 (30. Bf4 $1 Qxd4
31. Rd1 Qb6 (31... Qxd1 32. Bxd1 exf5 33. Bxc7 $18 {[%cal Gb3g8]}) 32. Be3 Qa5
33. Qxe6 $18 {[%cal Gg4g6]}) 30... Nd7 $1 $19 31. Bf4 $5 {Only now I realised
that instead of winning I am about to lose the game!The move in the game is
probably the most persistant one,but there is no way back.} (31. Bxb7 Nxe5 32.
dxe5 Qxe5 33. Rh1 (33. f4 Qf6 (33... Rxf4 $2 34. Bxf4 Qxf4 35. Qxe6+ Rf7 36.
Qe8+ Kh7 37. Be4+ Kh6 38. Qh8+ Kg5 39. Qh5+ Kf6 40. Qg6+ Ke7 41. Bd5+ $18) 34.
g5 (34. Rf1 Qg6 $19) 34... Qf5 $19 {[%csl Rf4,Rg2][%cal Gf5g4]}) 33... Bb6 $1
34. Bc6 Bxe3 35. Qxe3 Rxf2+ 36. Qxf2 Rxf2+ 37. Kxf2 Qf4+ $19) (31. Rxe6 Qh2+
32. Kf1 Qh3+ 33. Bg2 (33. Kg1 Bh2+ 34. Kh1 Bf4+ 35. Kg1 Qxf3 $19) 33... Rxf2+
$3 34. Bxf2 Qxb3 $19) 31... Rxf4 $1 32. Rxe6 Rxf3 33. Rxd6+ (33. Qxf3 Qh2+ $19)
33... Rxb3 34. Rxd7 Bd8 $1 $19 {[%csl Gg7]} 35. Rxb7 Rb2 $1 36. Re6 Rbxf2+ 37.
Kg1 (37. Kg3 R8f3#) 37... R2f4 38. Rxa7 Rxg4+ 39. Kh2 Rf5 40. Re5 (40. Kh3 Rxd4
41. a4 Rf3+ 42. Kg2 Ra3 43. Re8+ Kh7 44. Kf1 Rf4+ 45. Kg2 Bb6 $19) 40... Rf6
41. Kh3 Rxd4 42. Kg3 Bb6 43. Rb7 Rd3+ 44. Kg4 Rd4+ 45. Kg3 Rc4 $1 46. Kh3 Bc7
47. Rg5 Rf3+ 48. Kg2 Rxa3 49. b6 Rc2+ 50. Kh1 Ra1+ 0-1

[Event "ESP-chT"]
[Site "Sanxenxo"]
[Date "2004.11.26"]
[Round "9"]
[White "Fressinet, Laurent"]
[Black "Moreno Carnero, Javier"]
[Result "1-0"]
[WhiteElo "2640"]
[BlackElo "2512"]
[Annotator "Finkel,A"]
[PlyCount "127"]
[EventDate "2004.11.18"]
[EventType "team"]
[EventRounds "9"]
[EventCountry "ESP"]
[SourceTitle "CBM 105"]
[Source "ChessBase"]
[SourceDate "2005.04.11"]
[SourceVersion "1"]
[SourceVersionDate "2005.04.11"]
[SourceQuality "1"]

1. e4 e6 2. d4 d5 3. Nc3 Nf6 4. Bg5 dxe4 5. Nxe4 Nbd7 6. Nf3 (6. Nxf6+ Nxf6 7.
Nf3 c5 8. dxc5 Qxd1+ $6 (8... Qa5+ $142) 9. Rxd1 Bxc5 10. Bb5+ Ke7 11. O-O h6
12. Bf4 Bd7 13. Bxd7 Nxd7 14. a3 Rhc8 $2 15. b4 Bb6 16. c4 $1 $16 {Yakovenko -
Dolmatov, St.Petersburg 2000}) 6... h6 7. Nxf6+ Nxf6 8. Bh4 c5 9. Be2 {The
idea behind this move is to put the bishop on f3, where it will disturb
development of black's queenside.} (9. Bb5+ Bd7 10. Bxd7+ Qxd7 11. Bxf6 gxf6
12. dxc5 Bxc5 13. Qxd7+ Kxd7 14. Ke2 Ke7 15. Rhd1 Rhd8 16. c3 f5 17. Ne1 e5 $11
{Yudasin - Korchnoi, St.Petersburg 1997}) (9. Bd3 $5 cxd4 10. Nxd4) (9. c3 cxd4
10. Nxd4 Be7 11. Bb5+ Bd7 12. Qb3 Bxb5 13. Qxb5+ Qd7 14. Qxd7+ Nxd7 15. Bxe7
Kxe7 16. O-O-O Rhc8 17. Rhe1 {Sax,G-Psakhis,L/Manila 1992}) (9. dxc5 Qxd1+ 10.
Rxd1 Bxc5 11. Bb5+ Ke7 12. O-O a6 13. Be2 g5 14. Bg3 Nh5 15. Be5 f6 16. Bd4
Bxd4 17. Nxd4 Nf4 $11 {Rogulj,B-Akopian,V/Belgrade 1988/TD}) (9. Bxf6 gxf6 10.
Be2 cxd4 11. Nxd4 Bc5 12. Nb3 Qxd1+ 13. Rxd1 Bb6 14. Bf3 Rb8 15. O-O Bd7 16.
Nd4 O-O $11 {Huebner,R-Rivas Pastor,M/Manila 1992/TD}) 9... cxd4 (9... Be7 10.
O-O (10. c3 O-O 11. dxc5 Bxc5 12. Ne5 Qc7 $1 13. Nd3 Bd6 14. Bf3 Rd8 $11 {
Ye Jiangchuan-Van Wely,L/Batumi 2001}) 10... O-O 11. c3 Qb6 12. Qc2 Rd8 13.
Rfd1 Bd7 14. a4 Rac8 15. a5 Qc7 16. dxc5 Qxc5 $11 {Mirumian,V-Zifroni,D/Chania
1994}) (9... Bd7 10. O-O Qb6 11. Ne5 cxd4 12. Bxf6 $2 (12. Bh5 $1 {[%cal Yh5f7,
Ye5f7]} Nxh5 13. Qxh5 g6 14. Nxg6 $18) 12... gxf6 13. Nxd7 Kxd7 14. c3 Rd8 15.
Qa4+ Kc7 16. cxd4 $14 {Rozentalis,E-Vaganian,R/Budapest 1996}) 10. Nxd4 {
Queen capture is more popular, but black should eventually hold an arising
endgame without too many difficulties.} (10. Qxd4 Qxd4 11. Nxd4 Bc5 (11... a6
12. O-O Bc5 13. Rad1 O-O 14. Bf3 Ra7 15. c3 Re8 16. Rfe1 $14 {Khamatgaleev,
A-Kosic,D/Ikaros 2002}) 12. Nb3 (12. O-O-O Bd7 13. Bf3 O-O-O 14. Rd3 Bd6 15.
Rb3 b6 16. Nc6 Bxc6 17. Bxc6 Bf4+ 18. Kb1 g5 19. Bg3 Rd2 $15 {Pulkkinen,
K-Manninen,M/Finland 1996}) 12... Bd6 13. Bf3 Ke7 14. Bg3 $1 (14. c4 $6 Bb4+ $1
15. Ke2 $2 g5 16. Bg3 g4 $19) (14. O-O-O g5 $1 15. Bg3 Bxg3 16. hxg3 g4 17. Be2
Bd7 18. Na5 b6 19. Nc4 Bb5 $11) 14... Bxg3 15. hxg3 Rb8 $5 (15... a5 16. O-O-O
Ra7 17. Rhe1 Bd7 18. Nd4 g6 19. Re3 $14 {Ponomariov,R-Kortschnoj,V/Donetsk 2001
}) 16. Na5 Rd8 17. Rh4 Rd6 18. Rb4 Rb6 19. Rxb6 axb6 20. Nc4 b5 21. Nb6 Bd7 22.
Nxd7 Kxd7 23. Rd1+ Kc7 24. Rd4 Ne8 $1 $132 {Ponomariov-Korchnoi, Kramatorsk 
(blitz) 2001}) 10... Be7 ({Another good way to play this position was
demonstrated by black in the following game:} 10... Bc5 11. Nb3 Be7 12. Qxd8+
Bxd8 13. O-O-O Bb6 14. Rhe1 Bd7 15. Nd4 O-O-O $11 {Galkin,A-Kirsanov,O/Port
Erin 2001}) 11. O-O O-O 12. c3 e5 13. Nf3 $14 {White keeps a small plus due to
the relative weakness of an e-pawn.} Qc7 ({Alaso after} 13... e4 14. Nd4 Qb6
15. Qc2 Re8 16. Rfd1 Bd7 17. Rd2 Rad8 18. Re1 $14 {[%csl Re4][%cal Ge2c4,Gd2e2]
black has a few problems to solve.}) 14. Re1 Rd8 15. Qc2 e4 $5 {Interesting
defensive plan: black sacrifices a pawn counting on his bishop's pair.} (15...
Bg4 $2 16. Nxe5 Bxe2 17. Rxe2 $16) 16. Bxf6 Bxf6 17. Qxe4 Be6 18. Bd3 g6 19.
Qe3 Kg7 20. Be4 a5 {[%cal Ga8a6,Ga6d6]} 21. a3 {May be a bit more promising was
} (21. Nd4 Ra6 22. b3 {[%csl Rc3] but I can understand white's desire not to
weaken the pawn on c3.} Bd5 (22... Bxd4 23. cxd4 Rad6 24. Rad1 b6 (24... Qd7 $6
25. Qc3 $16 {[%csl Ra5][%cal Gd4d5]}) 25. Re2 Qe7 26. Red2 $14) 23. Bxd5 Rxd5
24. Rad1 Rad6 25. Rd3 b5 26. Red1 Qd7 $14) 21... Ra6 22. Rad1 Rad6 23. Rxd6
Qxd6 {The control over the d-file is a very important for black since the only
way for white to neatralize the pressure lays in the rook trade, which seem to
increase black's drawing chances.} 24. Bc2 {[%cal Ge1d1]} Qc7 25. h3 b5 26. Rd1
Rxd1+ 27. Bxd1 Bd5 28. Nd4 b4 $14 29. axb4 axb4 30. Bf3 $5 {An only chance to
play for a win!} (30. cxb4 Qb7 31. Bf3 Bxf3 32. Nxf3 Qxb4 $11) 30... Bxf3 31.
gxf3 bxc3 {May be black shouldn't hurry with this trade, but it shouldn't
ihave an impact on the outcome of the game.} (31... Qc4 $14) 32. bxc3 Qc4 33.
Kg2 Bg5 34. Qe1 Bf6 35. Qd2 Bg5 36. Qc2 Bf6 37. Ne2 Qc5 38. Qd2 h5 $6 {A
little inaccuracy: queen might need to come to h5 in some lines to attack
white kingside pawns.} (38... Qc4) 39. Qe3 Qd5 40. Qe4 Qg5+ 41. Kf1 Qh4 $6 {
Without the queens it's more difficult for black to defend.} (41... Qc5 $1) 42.
Qxh4 Bxh4 43. Nc1 $1 {[%cal Gc1d3]} Kf6 44. Nd3 {[%csl Gf2,Rf6]} Ke6 45. c4 Bf6
46. Nc5+ Kf5 {Looking for an active counterplay.} (46... Ke7 47. Nd3 $16 {
[%cal Gf1e2,Gf3f4,Ge2e4]}) 47. Ke2 Bd4 48. Nd3 Ba7 49. Kd2 Kg5 50. c5 Kh4 51.
c6 Bb6 $6 (51... Bb8 $142 {[%csl Gf4]}) 52. Ke2 Kxh3 53. Nf4+ Kh2 54. Nd5 Bd8
55. Kf1 $1 $18 g5 56. Nf6 $1 {Black can't protect his pawns.} h4 57. Ne4 f6 58.
Nxf6 h3 59. Ne4 Kh1 60. Nxg5 h2 61. Ne4 Bc7 62. f4 Bxf4 63. f3 Bc7 64. Ng5 1-0

[Event "ISR"]
[Site "Israel"]
[Date "1996.??.??"]
[Round "?"]
[White "Finkel, Alexander"]
[Black "Maryasin, Boris Feliksovich"]
[Result "1-0"]
[WhiteElo "2505"]
[BlackElo "2385"]
[Annotator "Finkel,A"]
[PlyCount "45"]
[EventDate "1996.??.??"]
[EventType "game"]
[EventRounds "1"]
[EventCountry "ISR"]
[SourceTitle "CBM 055"]
[Source "ChessBase"]
[SourceDate "1996.12.01"]
[SourceVersion "1"]
[SourceVersionDate "1996.12.01"]
[SourceQuality "1"]

1. e4 c5 2. c3 Nf6 3. e5 Nd5 4. Nf3 Nc6 5. Bc4 Nb6 6. Bb3 g6 7. d4 cxd4 8. cxd4
Bg7 9. d5 $1 Nxe5 10. Nxe5 Bxe5 11. Bh6 $1 e6 (11... Bxb2 12. Nd2 d6 (12...
Bxa1 $6 13. Qxa1 f6 14. d6 e6 15. Ne4 (15. Bg7 Kf7 $1 16. Bxh8 Qxh8 $13) 15...
Kf7 16. g4 $1 Nd5 17. g5 b5 18. Bxd5 exd5 19. Nxf6 $16) 13. Rb1 Bc3 (13... Bf6
14. Ne4 Be5 15. g4 $1 f5 16. f4 $1 Bxf4 $1 17. Bxf4 fxe4 18. Bh6 $44) 14. Rc1
Bxd2+ 15. Qxd2 f6 16. O-O Kf7 17. Rfe1 Nd7 18. Re3 Nc5 19. Bc2 Re8 20. Rce1 $44
) 12. Nc3 Qh4 13. Qd2 f6 (13... Nc4 $6 14. Bxc4 Qxc4 15. Rc1 $1 (15. O-O-O Bxc3
16. bxc3 (16. Qxc3 Qxc3+ 17. bxc3 f5 $1 18. Rhe1 Kf7 19. h4 Re8 20. Kb2 $10)
16... Qxd5 17. Qxd5 exd5 18. Bg7 Rg8 19. Bf6 a5 $1 $8 20. g4 Ra6 21. g5 d6 22.
Rxd5 Be6 23. Rb5 Kd7 $10) 15... b6 16. f4 Bf6 17. b3 Qb4 $8 18. a3 $1 $18 {
/\Ne4} Bxc3 (18... Qxb3 19. Ne4 Be7 20. d6 Bd8 (20... Bf8 21. Nf6+ Kd8 22. Bxf8
Rxf8 23. O-O $16) 21. Qd4 f6 (21... Rg8 22. O-O $18) 22. Rc3 $1 Qb1+ 23. Kf2
Qxh1 24. Nxf6+ Kf7 25. Nxd7 $1 Bh4+ $8 26. Rg3 $3 Bxg3+ 27. hxg3 Qxh6 28. Qf6+
Kg8 29. Qxe6+ Kg7 30. Qe7+ Kg8 31. Nf6#) 19. Rxc3 Qe4+ 20. Re3 $1 Qb1+ 21. Kf2
$1 $18 Qf5 (21... Qxh1 22. Qd4 $1 Rg8 23. Qf6 Qd1 24. Bg5 Kf8 25. Qe7+ Kg7 26.
Bf6+ Kh6 27. Rh3+ $18) 22. Qc3 $1 Rg8 23. Re5 Qg4 24. Bg5 f5 25. h3) 14. dxe6
$8 dxe6 (14... Bxc3 15. bxc3 (15. Qxc3 Qxh6 16. exd7+ Bxd7 17. O-O $44) 15...
Qe4+ 16. Kf1 dxe6 17. Bg7 Rg8 18. Bxf6 $16) 15. O-O-O Bd7 16. g3 Qb4 17. f4
Bxc3 18. bxc3 Rc8 19. Kb1 Qxc3 (19... Rxc3 20. Bg7 Rg8 21. Bxf6 Rxb3+ 22. axb3
Qxb3+ 23. Qb2 $16) 20. Qxc3 Rxc3 21. Bg7 Rg8 22. Bxf6 Rc6 23. Rd4 $1 $44 1-0

[Event "Reggio Emilia 41th"]
[Site "Reggio Emilia "]
[Date "1999.01.01"]
[Round "5"]
[White "Vezzosi, Paolo"]
[Black "Solozhenkin, Evgeniy"]
[Result "0-1"]
[WhiteElo "2325"]
[BlackElo "2535"]
[Annotator "Finkel,A"]
[PlyCount "66"]
[EventDate "1998.12.28"]
[EventType "tourn"]
[EventRounds "9"]
[EventCountry "ITA"]
[EventCategory "8"]
[SourceTitle "CBM 069"]
[Source "ChessBase"]
[SourceDate "1999.04.01"]
[SourceVersion "1"]
[SourceVersionDate "1999.04.01"]
[SourceQuality "1"]

1. e4 Nf6 2. e5 Nd5 3. c4 Nb6 4. c5 {This variation doesn't promise any
advantage so it can hardly be recommended to play.} Nd5 5. Nc3 e6 $5 (5... Nxc3
) 6. Nxd5 exd5 7. d4 d6 8. cxd6 cxd6 9. Nf3 Nc6 10. Be2 Be7 11. O-O O-O $11 (
11... dxe5 $5) 12. Bf4 (12. a3 $6 dxe5 13. dxe5 f6 14. exf6 Bxf6 15. Ra2 a5 16.
b3 Be6 $15 {Dmitriev,I-Yakunov,A/RUS-chS 1992 (34)}) (12. Qb3 $5 dxe5 13. dxe5
d4 (13... Rb8 14. h3 Be6 15. Bd2 b5 16. Bd3 Qb6 17. Rad1 $14 {1-0 Dmitriev,
I-Chmielarz,Z/Polanica Zdroj op 1994 (30)}) 14. Rd1 Qb6 15. Qxb6 axb6 16. Bf4
Rd8 17. Bb5 Na7 18. Bd3 Bg4 19. Be4 $14 {Sikora Lerch,J-Ghinda,M/Warsaw zt-B
1979 (23)}) (12. Re1 Bf5 13. Bf4 Rc8 14. Rc1 Qd7 15. Qb3 dxe5 16. dxe5 d4 $132
{Westerinen,H-Hecht,H/Helsinki zt 1972 (21)}) 12... Bf5 (12... Bg4 $5 13. Qd2 (
13. h3 Bh5 14. Re1 Rc8 15. Rc1 Re8 $11 {Soltis,A-Commons,K/Los Angeles 1974 
(19)}) 13... Re8 14. a3 Qd7 15. Rac1 Rad8 16. b4 a6 $11 {Sikora Lerch,J-Buran,
J/CZE-chT1c 9495 1995 (20)}) 13. Qd2 (13. exd6 Bxd6 14. Bxd6 Qxd6 15. Qd2 Rfe8
16. Rac1 Re7 $11 {Grochot,C-Bos Swiecik,I/POL-chW 1989 (56)}) 13... Rc8 14.
Rfc1 $6 ({More logical looks} 14. Rac1 {with the idea to put another rook on
d1 or e1.}) 14... a6 15. exd6 Bxd6 16. Ne5 $5 ({May be it was the time to
simplify the position with} 16. Bxd6 Qxd6 17. Rc5 Rfe8 18. Rac1 h6 19. h3 $11 {
and the chanses are equal.}) 16... Bxe5 17. dxe5 Qb6 ({Nothing special promises
} 17... Re8 18. Rc5 d4 19. Bf3 d3 20. Rd5 Qe7 21. a3 $1 $132) 18. h4 $6 {
This move is not so easy to understand!White starts the actions on the
kingside,weakens his own king,creates to himself problems and gets nothing in
return.} (18. Qxd5 $6 Qxb2 19. Bf1 (19. Bf3 $6 Nd4 $1 20. Qxb7 $2 Rxc1+ 21.
Rxc1 Qxb7 22. Bxb7 Ne2+ $19) 19... Rfd8 20. Qb3 Qxb3 21. axb3 Nd4 $15 {[%csl
Rb3]}) (18. Rd1 $5) 18... d4 19. Bf3 Nb4 $5 $15 {[%cal Gb4d3,Gb4c2]} 20. g4 $8
Be6 21. a3 (21. Rxc8 Rxc8 22. Rd1 Rd8 23. a3 Nc6 24. h5 Bb3 $15) 21... Nd5 22.
Bg3 ({More in the spirit of the position was} 22. Rxc8 $5 Rxc8 23. Rd1 Nxf4 (
23... Qb3 24. Bxd5 Qxd5 25. Qxd4 Qxd4 26. Rxd4 Bxg4 27. Kg2 $11) 24. Qxf4 Qxb2
25. Qxd4 Qxa3 26. Bxb7 Rf8 27. g5 $11 {with equal chanses.}) 22... Rcd8 23. h5
$6 {Wasting more time trying to create something on the kingside,while it was
nessasary to look for counterplay in the center by} (23. Rd1) 23... f5 24. exf6
Rxf6 25. Be4 $2 {The same "agressive" strategy,this time based on
miscalculation.Better was} (25. Be2) 25... Bxg4 $17 26. Be5 Rf7 27. Qg5 (27.
Bxd4 Nf6 $1 28. Bxb6 Rxd2 29. Bg2 Rxb2 $19 {[%csl Rh5]}) (27. Qxd4 Qxd4 28.
Bxd4 Nf4 29. Bb6 Re8 30. Rc4 Be2 31. Rb4 Bxh5 $17) 27... Nf6 $1 28. Bxf6 $6 {
Doing nothing to prevent the inevitable.Some chanses of survival would leave} (
28. Bd3 Bf3 $17) 28... Qxf6 29. Qxg4 Qxf2+ 30. Kh1 Rf4 $19 {Now white can't
avoid the material losses.} 31. Qe6+ Kh8 32. Bg2 Rh4+ 33. Bh3 Qg3 0-1

[Event "ISR-ch sf"]
[Site "Haifa"]
[Date "2002.08.19"]
[Round "3"]
[White "Finkel, Alexander"]
[Black "Rinberg, Alexander"]
[Result "1-0"]
[WhiteElo "2485"]
[BlackElo "2330"]
[Annotator "Finkel,A"]
[PlyCount "81"]
[EventDate "2002.08.05"]
[EventType "swiss"]
[EventRounds "9"]
[EventCountry "ISR"]
[SourceTitle "CBM 090"]
[Source "ChessBase"]
[SourceDate "2002.09.20"]
[SourceVersion "1"]
[SourceVersionDate "2002.09.20"]
[SourceQuality "1"]

1. e4 c5 2. Nf3 e6 3. c3 d5 4. exd5 exd5 5. d4 c4 $6 {More accurate is to wait
for white to play Be3 and then go for c4.} 6. b3 cxb3 7. axb3 Bd6 8. Bd3 Ne7 9.
O-O Nbc6 (9... Bg4 $5) 10. Nh4 $1 {Very good plan which is possible when black
knight is on e7.} O-O 11. Ra2 Ng6 (11... f5 $5 12. f4 Kh8 13. Nf3 Ng8 14. Ne5
Nf6 15. Ba3 $14) 12. Nf5 Bxf5 (12... Qf6 $2 13. Nxd6 Qxd6 14. Ba3 $18) 13. Bxf5
Qf6 14. Qh5 Rfe8 15. g3 $6 {[%csl Rd5][%cal Gf5h3,Gh3g2] White has
strategicaly winning position, but there was nothing wrong in wining on the
spot after} (15. Bd7 $1 Rf8 16. Bg5 Nf4 (16... Bxh2+ 17. Kh1 Qd6 18. Bxc6 bxc6
19. Qxh2 $18) 17. Qh4 $18) 15... h6 16. Bh3 Nge7 17. Na3 (17. Re2 Qg6 18. Qxg6
Nxg6 19. Rxe8+ Rxe8 20. Bg2 Nge7 21. Re1 Kf8 $14) 17... Na5 18. b4 Nac6 $6 {
Last chance to survive was} (18... Nb3 $5 19. Be3 a5 20. Qd1 a4 21. Bd7 Red8
22. Bxa4 Rxa4 23. Qxb3 Rda8 24. Rfa1 $16) 19. Nc2 a6 20. Ne3 $16 {[%csl Rd5]}
Rad8 21. Bg2 $1 Na7 22. Nxd5 Nxd5 23. Qxd5 (23. Bxd5 Nb5 24. Bd2 Rc8 25. Bxb7
Nxc3 26. Bxc3 Rxc3 27. Rxa6 $16) 23... Re7 $6 (23... Nb5 $5 24. Qb3 Rc8 25. Bd2
Re7 $16) 24. Qb3 $1 Rde8 25. Be3 Nb5 26. Rd2 $18 Bb8 27. c4 Nd6 28. c5 Nf5 29.
d5 Be5 (29... Nxe3 30. fxe3 Rxe3 31. Qxe3 Qxf1+ 32. Kxf1 Rxe3 33. d6 $18) 30.
d6 Rd7 31. Qa4 $5 Red8 32. Bh3 h5 33. Rd5 $5 g6 (33... h4 34. Bxf5 Qxf5 35. f4
Qh3 36. Rxe5 hxg3 37. Qc2 $18) 34. Bxf5 gxf5 35. Bg5 Qxg5 36. Rxe5 Kg7 37. Rfe1
Qg4 38. h4 Qf3 39. Qc2 Kg6 40. R1e3 Qg4 41. Kg2 1-0

[Event "Neckar op-A 19th"]
[Site "Deizisau"]
[Date "2015.04.06"]
[Round "8"]
[White "Piorun, Kacper"]
[Black "Li, Chao B"]
[Result "0-1"]
[WhiteElo "2528"]
[BlackElo "2721"]
[Annotator "Fischer,J"]
[PlyCount "68"]
[EventDate "2015.04.02"]
[EventType "swiss"]
[EventRounds "9"]
[EventCountry "GER"]
[SourceTitle "CBM 165 Extra"]
[Source "ChessBase"]
[SourceDate "2015.04.21"]
[SourceVersion "1"]
[SourceVersionDate "2015.04.21"]
[SourceQuality "1"]
[WhiteClock "0:00:48"]
[BlackClock "0:27:19"]

1. e4 c5 2. c3 Nf6 3. e5 Nd5 4. d4 cxd4 5. Nf3 Nc6 6. Bc4 e6 7. cxd4 d6 8. O-O
Be7 9. Qe2 O-O 10. Nc3 Nxc3 11. bxc3 dxe5 12. dxe5 Qa5 13. Rb1 Rd8 14. Qe4 g6
15. h4 h5 16. Be3 Qc7 17. Rfd1 Bd7 18. g4 $5 {Gegen den nominell stärkeren
Gegner strebt Weiß mit Gewalt Komplikationen an.} hxg4 19. Qxg4 Nxe5 20. Nxe5
Qxe5 21. Bf4 $2 ({Besser war} 21. Rxb7 {und Weiß hat zwar eine zersplitterte
Bauernstellung, aber aktive Figuren und steht deshalb keineswegs schlechter.})
21... Qxc3 22. Bc7 Ba4 $1 {Dieser Konter widerlegt 21.Lf4?.} 23. Rxd8+ Bxd8 24.
Bxd8 Rxd8 25. Bxe6 fxe6 26. Qxa4 Qf3 {Nachdem er die weiße Initiative
neutralisiert hat, geht Schwarz zum Gegenangriff über.} 27. Qxa7 Qg4+ 28. Kf1
Qe4 29. Qb6 (29. Qxb7 $4 Rd1+) 29... Rd4 30. Qb3 Qh1+ 31. Ke2 Re4+ 32. Kd2 Qxh4
33. Rf1 Qf4+ 34. Kc3 Qf3+ 0-1

[Event "Hoogovens-B"]
[Site "Wijk aan Zee"]
[Date "1977.01.25"]
[Round "10"]
[White "Van der Sterren, Paul"]
[Black "Van der Vliet, Fredrik"]
[Result "1-0"]
[WhiteElo "2375"]
[BlackElo "2340"]
[Annotator "Ftacnik,L"]
[PlyCount "43"]
[EventDate "1977.01.14"]
[EventType "tourn"]
[EventRounds "11"]
[EventCountry "NED"]
[EventCategory "7"]
[SourceTitle "MCL"]
[Source "ChessBase"]
[SourceDate "1999.07.01"]
[SourceVersion "1"]
[SourceVersionDate "1999.07.01"]
[SourceQuality "1"]

1. e4 c5 2. c3 Nf6 3. e5 Nd5 4. d4 cxd4 5. cxd4 d6 6. Nf3 Nc6 7. Bc4 e6 8. O-O
Be7 9. Qe2 O-O 10. Nc3 Nxc3 11. bxc3 d5 $6 12. Bd3 f5 13. exf6 gxf6 $2 (13...
Bxf6 $5) 14. Re1 Rf7 15. Nh4 $1 Bd7 (15... e5 16. Nf5) 16. Qh5 Bd6 17. Bh6 Ne7
(17... f5) 18. Re3 $1 Rc8 19. f4 Be8 (19... Qe8 20. Rg3+ Kh8 21. Rg7 $1 Rxg7
22. Bxg7+ Kxg7 23. Qxh7+ $18) 20. Rg3+ Kh8 21. Qg4 f5 22. Qg5 1-0